00562nam a2200181 a 45000010005000000030009000050050017000140080041000310200015000720400038000870820019001251000025001442450037001692600043002063000041002495040042002906500048003321019BD-DhAAL20200304122625.0090701s1992 xxka b 000 0 eng d a1855740052 aBD-DhAALcBD-DhAALdBD-DhAALbEng00223a720.92 TAY1 aTaylor, Brian Brace.10aRaj Rewal /cBrian Brace Taylor. aLondon :bMimar Publications ;cc1992. a160 pages :billustrations ;c28 cm. aIncludes bibliographies : p. 159-160. 0aArchitecturezIndia.xHistoryy20th century